Mercados de Bogotá - Estadísticas

Estadísticas generales
  • Esta prueba ha sido intentada 3 veces
  • La puntuación promedio es 12 de 20
Estadísticas de respuestas
Mercado % Correcto
20 de Julio
100%
Corabastos
100%
La Perseverancia
100%
Restrepo
100%
12 de Octubre
67%
7 de Agosto
67%
Fontibón
67%
Las Cruces
67%
Las Ferias
67%
San Benito
67%
Santander
67%
Boyacá
33%
El Carmen
33%
Kennedy
33%
La Concordia
33%
Lucero
33%
Quirigua
33%
Samper Mendoza
33%
San Carlos
33%
Trinidad Galan
33%
No se encontraron pruebas coincidentes
Distribución de puntuación
Porcentaje de gente con cada puntuación
Porcentaje por número respondido
Historial de tus puntuaciones
No has intentado esta prueba.